000 00275nam a22000977a 4500
999 _c10930
_d10930
008 180409b ||||| |||| 00| 0 eng d
020 _a9788178556888
100 _aSood, Ranju
_94613
245 _aFoundation of Information Technology
260 _aNew Delhi
_bArya Publication
_c2015